Представление документа в формате RUSMARC

ПолеНазваниеЗначение
  Тип записи a
  Библиографический уровень a
001 Контрольный номер RU/CBS_UL/BASE/1e171f602ea4490ea99606ae81cfad65
005 Дата корректировки 20250124010519.7
100 Данные общей обработки __
a Данные общей обработки 20240227 ||| 0rusy0189 ca
101 Язык документа 0_
a Язык текста rus
102 Страна публикации __
a Страна публикации RU
200 Заглавие и сведения об ответственности 1_
a Заглавие Невыдуманные истории в неотправленных письмах
e Сведения, относящиеся к заглавию [интервью с писателем о его книге, посвящённой специальной военной операции]
f Первые сведения об ответственности О. Рой
300 Общие примечания __
a Общие примечания 12+
461 Уровень набора _0
1 2000
a Литературная газета
463 Уровень физической единицы _0
1 2000
a № 7 (21-27 февр.)
v С. 22
1 2101
d 2024
1 001RU/CBS_UL/BASE/13df838c1afd4e768165e92e90a54706
600 Персоналии _1
a Персоналии (Фамилия) Рой
b Персоналии (Имя, инициалы) О.Ю.
606 Тематические рубрики 0_
a Основная рубрика Рой, Олег Юрьевич (1965)
610 Ключевые слова 0_
a Ключевые слова российские писатели
610 Ключевые слова 0_
a Ключевые слова писатели
610 Ключевые слова 0_
a Ключевые слова интервью с писателями
610 Ключевые слова 0_
a Ключевые слова книги о СВО
610 Ключевые слова 0_
a Ключевые слова литературоведение
686 Индексы других классификаций __
a Классификационный индекс 83.3(2Рос=Рус)6
700 Автор _1
a Фамилия Рой
b Имя (инициалы) О.
801 Источник записи _0
a Страна RU
b Организация МБУК ЦБС г. Ульяновска
c Дата составления 20240227
g Правила каталогизации RCR
801 Источник записи _1
a Страна RU
b Организация МБУК ЦБС г. Ульяновска
c Дата составления 20240227
g Правила каталогизации RCR
901 Тип документа __
t Тип документа f
w Контрольный № источника RU/CBS_UL/BASE/13df838c1afd4e768165e92e90a54706
909 Создатель записи __
a Создатель записи mbo